Procesos psicológicos

Bewaard in:
Bibliografische gegevens
Hoofdauteurs: Fernández-Abascal, Enrique G (Auteur), Martín Díaz, María Dolores (Auteur), Domínguez Sánchez, F. Javier (Auteur)
Formaat: Boek
Taal:Spaans
Gepubliceerd in: Madrid Pirámide 2002
Reeks:Colección Psicología
Onderwerpen:
Tags: Voeg label toe
Geen labels, Wees de eerste die dit record labelt!

MARC

LEADER 00000cam a2200000 a 4500
001 UCK3891
003 CL-VaPUC
008 050513e20020000SP |||||||||||||||||spa|d
020 |a 8436816056 
082 0 4 |a 153  |b FER  |2 21 
100 0 |a Fernández-Abascal, Enrique G  |e author  |9 492241 
700 0 |a Martín Díaz, María Dolores  |e author  |9 492242 
700 0 |a Domínguez Sánchez, F. Javier  |e author  |9 492243 
245 1 0 |a Procesos psicológicos 
300 |a 402 p 
942 |c BK 
945 |d 20050513 00:00:00  |a cmena 
260 |a Madrid  |b Pirámide  |c 2002 
650 0 |a Procesos mentales superiores  |9 330839 
650 0 |a Aprendizaje   |9 254827 
650 0 |a Percepción   |9 266750 
650 0 |a Memoria  |9 266549 
650 0 |a Psicolingüística   |9 283371 
650 0 |a Motivación   |9 315362 
650 0 |a Emociones   |9 265224 
650 0 |a Personalidad   |9 307255 
583 |a last modification  |c 20120829 02:01:15  |k Rodrigo Vera 
490 0 |a Colección Psicología 
999 |c 312936  |d 312934 
952 |0 0  |1 0  |4 0  |6 153_000000000000000_FER_2002  |7 0  |8 A  |9 383839  |a BIBEDU  |b BIBEDU  |d 2019-11-22  |i 4092163  |o 153 FER 2002  |p 4092163  |r 2019-11-22  |w 2019-11-22  |y BK  |k PSI 
952 |0 0  |1 0  |4 0  |6 153_000000000000000_FER_2002  |7 0  |8 A  |9 383840  |a BIBEDU  |b BIBEDU  |d 2019-11-22  |i 4899954  |o 153 FER 2002  |p 4899954  |r 2019-11-22  |w 2019-11-22  |y BK  |k PSI